| 000 | 00753nam a22002531 4500 | ||
|---|---|---|---|
| 001 | 8323 | ||
| 003 | BD-RjUL | ||
| 005 | 20211208234550.0 | ||
| 008 | 140118s1960 ne b 001 0 eng d | ||
| 035 | _a(BD-RjUL)8368 | ||
| 040 |
_aDLC/ICU _cICU _dDLC _dBD-RjUL _beng |
||
| 041 | _aeng | ||
| 082 | 0 | 0 |
_a519.92 _bZOM 1960 |
| 100 | 1 |
_aZoutendijk, G. _924867 |
|
| 245 | 1 | 0 |
_aMethods of feasible directions : _ba study in linear and nonlinear programming. |
| 260 |
_aAmsterdam ; _aNew York : _bElsevier Pub. Co., _c1960. |
||
| 300 |
_a126 p. : _c23 cm. |
||
| 502 | _aThesis--University of Amsterdam. | ||
| 504 | _aIncludes bibliography. | ||
| 650 | 0 |
_aProgramming (Mathematics) _925939 |
|
| 942 |
_2ddc _cBK |
||
| 999 |
_c8323 _d8323 |
||